[Event "Stuttgart-chB int"]
[White "Schnorr, Christian"]
[Black "Holschke, Christian"]
[Site "Ditzingen"]
[Round "6"]
[Result "1-0"]
[Date "2009.05.23"]
[WhiteElo "1766"]
[BlackElo "1553"]
[PlyCount "55"]
[EventDate "2009.05.21"]
[EventType "swiss"]
[EventRounds "7"]
[EventCountry "GER"]
[SourceTitle "EXT 2018"]
[Source "ChessBase"]
[SourceDate "2017.10.13"]
[SourceVersion "1"]
[SourceVersionDate "2017.10.13"]
[SourceQuality "1"]

1. e4 c6 2. d4 d5 3. f3 e6 4. Nc3 Nd7 5. Bf4 Bb4 6. Bd3 Ne7 7. Qd2 Ng6 8. Bg3 b6 9. a3 Be7 10. Nge2 Nf6 11. e5 Nh5 12. Bf2 Bg5 13. Be3 Bxe3 14. Qxe3 Qh4+ 15. g3 Qh3 16. Qf2 Nxg3 17. Qxg3 Qh6 18. f4 0-0 19. h3 f5 20. Qg5 Qxg5 21. fxg5 Nh4 22. Rf1 f4 23. Rf2 a5 24. 0-0-0 Ra7 25. Nxf4 Raf7 26. Rdf1 Ng6 27. Bxg6 hxg6 28. Nd3 1-0

[Event "Stuttgart-chB int"]
[White "Schnorr, Christian"]
[Black "Wolf, Adam"]
[Site "Ditzingen"]
[Round "2"]
[Result "1-0"]
[Date "2009.05.21"]
[WhiteElo "1766"]
[BlackElo "1582"]
[PlyCount "119"]
[EventDate "2009.05.21"]
[EventType "swiss"]
[EventRounds "7"]
[EventCountry "GER"]
[SourceTitle "EXT 2018"]
[Source "ChessBase"]
[SourceDate "2017.10.13"]
[SourceVersion "1"]
[SourceVersionDate "2017.10.13"]
[SourceQuality "1"]

1. e4 d6 2. Bc4 Nf6 3. Nc3 g6 4. d3 Bg7 5. Bd2 0-0 6. f4 e6 7. Nf3 c5 8. a4 Nc6 9. 0-0 a6 10. Qe1 Nb4 11. Bb3 Rb8 12. Na2 Nxa2 13. Bxa2 b5 14. e5 dxe5 15. Qxe5 Qb6 16. a5 Qa7 17. c3 Ng4 18. Qe2 c4+ 19. Kh1 cxd3 20. Qe1 Qc7 21. h3 Nf6 22. Qe5 Qxe5 23. Nxe5 Ne4 24. Rad1 Bxe5 25. fxe5 Ng3+ 26. Kg1 Nxf1 27. Kxf1 Bb7 28. Be3 Be4 29. Bd4 Rfd8 30. Bb1 b4 31. Bb6 Rd7 32. cxb4 Rc8 33. Bc5 Rd5 34. Bd6 Bf5 35. g4 Be4 36. Ba2 Rd4 37. Bc5 Rd7 38. Bb1 Bd5 39. Bxd3 Bc4 40. Ke2 Bxd3+ 41. Rxd3 Rxd3 42. Kxd3 Kg7 43. g5 Rd8+ 44. Bd4 h6 45. h4 hxg5 46. hxg5 f5 47. gxf6+ Kf7 48. Kc4 Rc8+ 49. Bc5 g5 50. b5 axb5+ 51. Kxb5 g4 52. Bg1 Rc1 53. Bb6 g3 54. a6 Rh1 55. Kc6 Kg6 56. a7 Rh8 57. Kb7 Rh7+ 58. Bc7 Rxc7+ 59. Kxc7 g2 60. a8Q 1-0

[Event "GER-ch U12"]
[White "Schnorr, Christian"]
[Black "Golosnyak, Alexander"]
[Site "Willingen"]
[Round "2"]
[Result "0-1"]
[Date "2008.05.11"]
[WhiteElo "1650"]
[BlackElo "1479"]
[PlyCount "72"]
[EventDate "2008.05.11"]
[EventType "swiss"]
[EventRounds "11"]
[EventCountry "GER"]
[SourceTitle "CBM 124 Extra"]
[Source "ChessBase"]
[SourceDate "2008.07.03"]
[SourceVersion "1"]
[SourceVersionDate "2008.07.03"]
[SourceQuality "1"]

1. e4 e5 2. Nf3 Nf6 3. d4 Nxe4 4. dxe5 Bc5 5. Nd4 0-0 6. Be3 d5 7. Be2 Bxd4 8. Bxd4 Nc6 9. c3 a6 10. 0-0 Re8 11. f3 Ng5 12. f4 Nxd4 13. cxd4 Ne6 14. Nc3 c6 15. Rf3 Qb6 16. Rd3 Nxf4 17. Rd2 Nxe2+ 18. Qxe2 Re6 19. Rf1 Rg6 20. Qf3 Be6 21. h3 Rf8 22. g4 Kh8 23. Rff2 Qd8 24. Ne2 h5 25. Rg2 hxg4 26. hxg4 Kg8 27. Nf4 Rh6 28. Rh2 Rh4 29. Rdg2 Rxh2 30. Rxh2 Qg5 31. Rg2 Re8 32. Nxe6 Rxe6 33. Rf2 Re7 34. Rh2 Qc1+ 35. Kg2 Qxb2+ 36. Kf1 Qxh2 0-1

[Event "Stuttgart-chB int"]
[White "Follmer, Helmuth"]
[Black "Schnorr, Christian"]
[Site "Ditzingen"]
[Round "7"]
[Result "1-0"]
[Date "2008.05.04"]
[WhiteElo "1807"]
[BlackElo "1585"]
[PlyCount "133"]
[EventDate "2008.05.01"]
[EventType "swiss"]
[EventRounds "7"]
[EventCountry "GER"]
[SourceTitle "EXT 2018"]
[Source "ChessBase"]
[SourceDate "2017.10.13"]
[SourceVersion "1"]
[SourceVersionDate "2017.10.13"]
[SourceQuality "1"]

1. e4 c5 2. Nf3 Nc6 3. d4 cxd4 4. Nxd4 e5 5. Nb5 d6 6. c4 a6 7. N5a3 Be7 8. Nc3 Be6 9. Nc2 Rc8 10. Nd5 Bg5 11. Bxg5 Qxg5 12. Qf3 Nce7 13. Nce3 Nxd5 14. exd5 Bd7 15. Bd3 g6 16. 0-0 f5 17. Qg3 Qf6 18. Nd1 Nh6 19. f4 e4 20. Be2 0-0 21. Rb1 Rb8 22. Ne3 Rfc8 23. h4 Nf7 24. Kf2 Kh8 25. Rfc1 Qd4 26. Rd1 Qf6 27. Rdc1 Qd4 28. Kf1 Qf6 29. Nd1 Qd4 30. Qc3 Qxc3 31. Rxc3 b5 32. Rb3 bxc4 33. Rxb8 Rxb8 34. Bxc4 Bb5 35. Bxb5 Rxb5 36. Nc3 Rc5 37. Ke2 Nh6 38. Kd2 Rc4 39. b4 Rd4+ 40. Kc2 Ng4 41. a4 Ne3+ 42. Kb3 Nxd5 43. Nxd5 Rxd5 44. Kc4 Rd2 45. b5 axb5+ 46. axb5 e3 47. Kc3 d5 48. b6 d4+ 49. Kc4 e2 50. b7 Rd1 51. b8Q+ Kg7 52. Qb3 e1Q 53. Qxd1 Qe6+ 54. Kxd4 Qd6+ 55. Ke3 Qe7+ 56. Kf3 Qe4+ 57. Kg3 Kh6 58. Rb3 Qc6 59. Rf3 Qf6 60. Rd3 Qe7 61. h5 Qb4 62. hxg6 hxg6 63. Qh1+ Kg7 64. Rd7+ Kf6 65. Qh8+ Ke6 66. Qe8+ Kf6 67. Qe5# 1-0

[Event "Stuttgart-chB int"]
[White "Mueller, Nils Samuel"]
[Black "Schnorr, Christian"]
[Site "Ditzingen"]
[Round "5"]
[Result "0-1"]
[Date "2008.05.03"]
[WhiteElo "1738"]
[BlackElo "1585"]
[PlyCount "54"]
[EventDate "2008.05.01"]
[EventType "swiss"]
[EventRounds "7"]
[EventCountry "GER"]
[SourceTitle "EXT 2018"]
[Source "ChessBase"]
[SourceDate "2017.10.13"]
[SourceVersion "1"]
[SourceVersionDate "2017.10.13"]
[SourceQuality "1"]

1. e4 c5 2. Nf3 Nc6 3. d4 cxd4 4. Nxd4 e5 5. Nb5 d6 6. N1c3 a6 7. Na3 b5 8. Nd5 Nce7 9. Bxb5+ axb5 10. Nxb5 Nxd5 11. Qxd5 Rb8 12. Bd2 Bb7 13. Qc4 Rc8 14. Qa4 Bc6 15. c4 Qd7 16. f3 Nf6 17. 0-0 d5 18. exd5 Nxd5 19. Rfd1 Bc5+ 20. Kh1 Nb6 21. Qb3 Qe6 22. Na7 Ba4 23. Qd3 Rd8 24. Qxd8+ Kxd8 25. Bg5+ Kc7 26. b3 f6 27. Bh4 Kb7 0-1

[Event "GER-ch U10"]
[White "Schnorr, Christian"]
[Black "Imgrunt, Philipp"]
[Site "Willingen"]
[Round "6"]
[Result "1-0"]
[Date "2006.06.06"]
[WhiteElo "1372"]
[BlackElo "982"]
[PlyCount "99"]
[EventDate "2006.06.04"]
[EventType "swiss"]
[EventRounds "11"]
[EventCountry "GER"]
[SourceTitle "EXT 2007"]
[Source "ChessBase"]
[SourceDate "2006.11.23"]
[SourceVersion "1"]
[SourceVersionDate "2006.11.23"]
[SourceQuality "1"]

1. d4 d5 2. Nf3 e6 3. e3 Bd6 4. Bd3 Nf6 5. c3 0-0 6. 0-0 Bd7 7. Nbd2 Nc6 8. e4 dxe4 9. Nxe4 Re8 10. Nxf6+ Qxf6 11. Bg5 Qxg5 12. Nxg5 h6 13. Nf3 Ne7 14. Re1 Rad8 15. Bc2 Bc6 16. Qd3 Nf5 17. Kh1 Bc5 18. b4 Bd6 19. b5 Bd7 20. g4 b6 21. gxf5 exf5 22. Rxe8+ Rxe8 23. Re1 Rd8 24. Ne5 Be6 25. Nc6 Ra8 26. Rg1 g6 27. Qf3 Kg7 28. Bxf5 Bxf5 29. Qxf5 Re8 30. Ne5 Bxe5 31. dxe5 Re6 32. f4 Kf8 33. Qxe6 fxe6 34. Rxg6 Kf7 35. Rxh6 Ke7 36. h4 Kf7 37. h5 Ke7 38. Rh7+ Kf8 39. h6 Ke8 40. Re7+ Kxe7 41. h7 Kf7 42. h8Q Kg6 43. Qf8 Kh7 44. Qf7+ Kh6 45. Qg8 c5 46. bxc6 b5 47. c7 b4 48. c8N bxc3 49. Ne7 c2 50. Qg6# 1-0

[Event "GER-ch U10"]
[White "Schnorr, Christian"]
[Black "Maedge, Rico"]
[Site "Willingen"]
[Round "5"]
[Result "1-0"]
[Date "2005.05.16"]
[WhiteElo "1143"]
[BlackElo "826"]
[PlyCount "71"]
[EventDate "2005.05.14"]
[EventType "swiss"]
[EventRounds "11"]
[EventCountry "GER"]
[SourceTitle "CBM 106 Extra"]
[Source "ChessBase"]
[SourceDate "2005.07.01"]
[SourceVersion "1"]
[SourceVersionDate "2005.07.01"]
[SourceQuality "1"]

1. e4 d5 2. exd5 Qxd5 3. Nc3 Qe5+ 4. Qe2 Qe6 5. Nf3 f6 6. Qxe6 Bxe6 7. Bd3 c6 8. b3 g6 9. Ba3 Nd7 10. 0-0 Nh6 11. Rfe1 Bf7 12. Re2 Rg8 13. Rae1 0-0-0 14. Bxe7 Bxe7 15. Rxe7 Rgf8 16. R7e4 f5 17. Rh4 Ng8 18. Rxh7 Rde8 19. Rxe8+ Bxe8 20. Bc4 Ngf6 21. Re7 g5 22. Be6 g4 23. Nd4 f4 24. Nf5 g3 25. Nd6+ Kc7 26. Nxe8+ Nxe8 27. Rxd7+ Kb6 28. Na4+ Kb5 29. Bc4+ Ka5 30. Rxb7 Nc7 31. Rxc7 Re8 32. fxg3 Re1+ 33. Kf2 Rd1 34. Ke2 Ra1 35. c3 Rxa2 36. Rxa7# 1-0

[Event "Wuerttemberg-ch U10"]
[White "Schnorr, Christian"]
[Black "Gheng, Michael Dan"]
[Site "Friedrichshafen"]
[Round "7"]
[Result "1/2-1/2"]
[Date "2005.04.02"]
[WhiteElo "1116"]
[BlackElo "1188"]
[PlyCount "26"]
[EventDate "2005.03.29"]
[EventType "swiss"]
[EventRounds "7"]
[EventCountry "GER"]
[SourceTitle "EXT 2007"]
[Source "ChessBase"]
[SourceDate "2006.11.23"]
[SourceVersion "1"]
[SourceVersionDate "2006.11.23"]
[SourceQuality "1"]

1. e4 c5 2. c3 Nc6 3. d4 e6 4. Bb5 Qa5 5. Bxc6 bxc6 6. dxc5 Qxc5 7. Qd4 Nf6 8. f3 e5 9. Qxc5 Bxc5 10. Ne2 0-0 11. b4 Bb6 12. Nd2 Ba6 13. Ng3 d5 1/2-1/2

[Event "Wuerttemberg-ch U10"]
[White "Schnorr, Christian"]
[Black "Marquardt, Annabelle"]
[Site "Friedrichshafen"]
[Round "2"]
[Result "1-0"]
[Date "2005.03.29"]
[WhiteElo "1116"]
[BlackElo "795"]
[PlyCount "53"]
[EventDate "2005.03.29"]
[EventType "swiss"]
[EventRounds "7"]
[EventCountry "GER"]
[SourceTitle "EXT 2007"]
[Source "ChessBase"]
[SourceDate "2006.11.23"]
[SourceVersion "1"]
[SourceVersionDate "2006.11.23"]
[SourceQuality "1"]

1. e4 e5 2. Nf3 Nc6 3. Bc4 Bc5 4. c3 Nf6 5. d4 Bd6 6. dxe5 Nxe5 7. Nxe5 Bxe5 8. Qb3 0-0 9. Bd3 d6 10. Be3 b6 11. Bd4 Be6 12. Qc2 Qd7 13. Bxe5 dxe5 14. 0-0 Rad8 15. Rd1 Qc6 16. f3 Qc5+ 17. Qf2 Qxf2+ 18. Kxf2 Nh5 19. g3 Bh3 20. Na3 Rd6 21. g4 Nf4 22. Be2 Rdd8 23. Rxd8 Rxd8 24. Rd1 Re8 25. Nb5 Re7 26. Rd8+ Re8 27. Rxe8# 1-0